[Event "VIE-chT"]
[Site "Hanoi"]
[Date "2022.04.01"]
[Round "7.6"]
[White "Nguyen, Duc Viet"]
[Black "Hoang, Canh Huan"]
[Result "0-1"]
[WhiteElo "2080"]
[BlackElo "2404"]
[PlyCount "48"]
[EventDate "2022.03.28"]
[EventType "swiss"]
[EventRounds "9"]
[EventCountry "VIE"]
[SourceTitle "EXT 2023"]
[Source "ChessBase"]
[SourceDate "2022.10.05"]
[SourceVersion "1"]
[SourceVersionDate "2022.10.05"]
[SourceQuality "1"]

1. d4 Nf6 2. Nf3 c5 3. c3 Qb6 4. Qb3 Nc6 5. e3 d5 6. Na3 Bf5 7. Nh4 Bd7 8. Nf3 Qc7 9. dxc5 a6 10. c4 e6 11. cxd5 exd5 12. Bd2 Bxc5 13. Rc1 Qd6 14. Nc2 0-0 15. Bd3 Ne4 16. Bc3 Be6 17. Bb4 d4 18. Bc4 dxe3 19. Bxc5 Nxc5 20. Qc3 Bxc4 21. Qxc4 Nd3+ 22. Ke2 Nxc1+ 23. Rxc1 exf2 24. Kxf2 Ne5 0-1

[Event "VIE-ch"]
[Site "Tinh Bac Giang"]
[Date "2022.02.28"]
[Round "3"]
[White "Nguyen, Duc Viet"]
[Black "Le, Huu Thai"]
[Result "1-0"]
[WhiteElo "2080"]
[BlackElo "2248"]
[PlyCount "107"]
[EventDate "2022.02.28"]
[EventType "swiss"]
[EventRounds "9"]
[EventCountry "VIE"]
[SourceTitle "CBM 207 Extra"]
[Source "ChessBase"]
[SourceDate "2022.05.31"]
[SourceVersion "1"]
[SourceVersionDate "2022.05.31"]
[SourceQuality "1"]

1. d4 d5 2. c4 e6 3. Nc3 a6 4. cxd5 exd5 5. Nf3 Nf6 6. Bg5 Be6 7. e3 Nbd7 8. Bd3 Bd6 9. 0-0 0-0 10. Bh4 h6 11. a3 c6 12. Bg3 Bxg3 13. hxg3 a5 14. Qc2 Qe7 15. Rfc1 Rfc8 16. Na4 Bg4 17. Nd2 g6 18. Rab1 Kg7 19. b4 axb4 20. axb4 b5 21. Nc5 Nb6 22. Ra1 Ra7 23. Ndb3 Raa8 24. Rxa8 Rxa8 25. Na5 Qe8 26. Ra1 Ra7 27. Qc1 Qa8 28. Nab3 Rxa1 29. Qxa1 Qxa1+ 30. Nxa1 Bd1 31. Bc2 Bxc2 32. Nxc2 Kf8 33. f3 Ke7 34. Kf2 h5 35. Ne1 Ng8 36. Ned3 f6 37. Nf4 Kf7 38. Nb7 Ne7 39. Nd6+ Kg8 40. e4 Nc4 41. Ne8 Kf7 42. Nc7 Nb6 43. Ke2 Kg7 44. Nfe6+ Kh6 45. Nd8 dxe4 46. fxe4 f5 47. e5 g5 48. Kf3 Kg6 49. Ke2 g4 50. Nde6 Kh6 51. Nf4 Kg5 52. Nce6+ Kh6 53. Nd8 Kg5 54. Nf7# 1-0

[Event "Hanoi op 12"]
[Site "Hanoi"]
[Date "2022.??.??"]
[Round "7"]
[White "Banh, Gia Huy"]
[Black "Nguyen, Duc Viet"]
[Result "1-0"]
[WhiteElo "2122"]
[BlackElo "1965"]
[PlyCount "56"]
[EventDate "2022.12.11"]
[EventType "swiss"]
[EventRounds "9"]
[EventCountry "VIE"]
[SourceTitle "CBM 211 Extra"]
[Source "ChessBase"]
[SourceDate "2023.01.31"]
[SourceVersion "1"]
[SourceVersionDate "2023.01.31"]
[SourceQuality "1"]

1. e4 c6 2. Nf3 d5 3. Nc3 Bg4 4. h3 Bxf3 5. Qxf3 e6 6. Be2 Nd7 7. d4 Qb6 8. Qd3 dxe4 9. Nxe4 Ngf6 10. c3 Be7 11. 0-0 0-0 12. Nxf6+ Bxf6 13. Bd1 Rfe8 14. Bc2 Nf8 15. g3 a6 16. Qf3 Rac8 17. Kg2 Qc7 18. Re1 b5 19. Bf4 Qa7 20. Rad1 a5 21. h4 a4 22. h5 a3 23. b4 Nd7 24. Re2 Nb6 25. Rh1 Na4 26. Bd2 Nb2 27. h6 Be7 28. Bxh7+ Kxh7 1-0

[Event "VIE-ch"]
[Site "Ho Chi Minh City"]
[Date "2021.03.25"]
[Round "3"]
[White "Nguyen, Duc Viet"]
[Black "Dang, Hoang Son"]
[Result "0-1"]
[WhiteElo "2109"]
[BlackElo "2350"]
[PlyCount "86"]
[EventDate "2021.03.24"]
[EventType "swiss"]
[EventRounds "9"]
[EventCountry "VIE"]
[SourceTitle "EXT 2022"]
[Source "ChessBase"]
[SourceDate "2021.10.06"]
[SourceVersion "1"]
[SourceVersionDate "2021.10.06"]
[SourceQuality "1"]

1. d4 Nf6 2. c4 g6 3. Nf3 Bg7 4. g3 c5 5. Bg2 0-0 6. 0-0 d6 7. Nc3 Qb6 8. b3 cxd4 9. Qxd4 Qa5 10. Bb2 Nc6 11. Qd2 Ne4 12. Nxe4 Qxd2 13. Nfxd2 Bxb2 14. Rab1 Bg7 15. Rbc1 Bg4 16. Bf3 h5 17. Nc3 Rac8 18. Kg2 a6 19. Nd5 e6 20. Nc3 d5 21. Bxg4 hxg4 22. cxd5 Nb4 23. Ndb1 exd5 24. a3 d4 25. Ne4 Na2 26. Rxc8 Rxc8 27. Rd1 Rc6 28. Rd2 Nc1 29. b4 b6 30. f4 a5 31. Nf2 Nb3 32. Rb2 a4 33. Nd3 b5 34. Kf2 Na1 35. Rd2 Nc2 36. Nc5 Ne3 37. Rd3 f5 38. Nc3 Rb6 39. Nb1 Kf7 40. Nd2 Nd1+ 41. Ke1 Nb2 42. Nf1 Nxd3+ 43. exd3 Ke8 0-1

[Event "VIE-ch"]
[Site "Ho Chi Minh City"]
[Date "2021.03.25"]
[Round "2"]
[White "Nguyen, Vuong Tung Lam"]
[Black "Nguyen, Duc Viet"]
[Result "0-1"]
[WhiteElo "1612"]
[BlackElo "2109"]
[PlyCount "64"]
[EventDate "2021.03.24"]
[EventType "swiss"]
[EventRounds "9"]
[EventCountry "VIE"]
[SourceTitle "EXT 2022"]
[Source "ChessBase"]
[SourceDate "2021.10.06"]
[SourceVersion "1"]
[SourceVersionDate "2021.10.06"]
[SourceQuality "1"]

1. d4 c5 2. d5 Nf6 3. Nf3 d6 4. g3 g6 5. Bg2 Bg7 6. 0-0 0-0 7. a4 Na6 8. Nfd2 Rb8 9. e4 e6 10. Na3 exd5 11. exd5 Bg4 12. Bf3 Bxf3 13. Qxf3 Nc7 14. Ndc4 Nfxd5 15. Rd1 Qf6 16. Qxf6 Bxf6 17. Nxd6 Be7 18. Ndc4 Rfd8 19. Nb5 Ne6 20. Nxa7 Nb4 21. Rxd8+ Rxd8 22. Ne3 Nd4 23. Kg2 Nbxc2 24. Nxc2 Nxc2 25. Ra2 Rd1 26. Bf4 g5 27. Be5 g4 28. f4 c4 29. Kf2 Rd2+ 30. Kf1 Bc5 31. Nb5 Rf2+ 32. Kg1 Rf3+ 0-1

[Event "VIE Cup"]
[Site "Hanoi"]
[Date "2021.??.??"]
[Round "1"]
[White "Nguyen, Duc Viet"]
[Black "Nguyen, Thanh Liem"]
[Result "1-0"]
[WhiteElo "2080"]
[BlackElo "2431"]
[PlyCount "89"]
[EventDate "2021.05.03"]
[EventType "swiss"]
[EventRounds "9"]
[EventCountry "VIE"]
[SourceTitle "EXT 2022"]
[Source "ChessBase"]
[SourceDate "2021.10.06"]
[SourceVersion "1"]
[SourceVersionDate "2021.10.06"]
[SourceQuality "1"]

1. d4 d5 2. c4 e6 3. Nc3 Nf6 4. Bg5 Nbd7 5. cxd5 exd5 6. e3 c6 7. Bd3 Bd6 8. Qc2 h6 9. Bh4 0-0 10. Nge2 Re8 11. Bg3 Nf8 12. 0-0 Bg4 13. Rab1 c5 14. Bxd6 Qxd6 15. Nb5 Qb8 16. Qxc5 Ne4 17. Qc2 Rc8 18. Nbc3 Nf6 19. h3 Bh5 20. Nf4 Ne6 21. Nxh5 Nxh5 22. Qb3 Rd8 23. Nxd5 Qd6 24. Nc3 b6 25. Rbc1 Rac8 26. Ne4 Qe7 27. Qb5 Qh4 28. Rxc8 Rxc8 29. Nd6 Rc7 30. Qf5 g6 31. Qe4 Qe7 32. Qa8+ Kh7 33. Nb5 Rd7 34. Rc1 Qg5 35. Rc8 Re7 36. Nd6 Nef4 37. exf4 Re1+ 38. Bf1 Qxf4 39. Rh8+ Kg7 40. Qf8+ Kf6 41. Qxf7+ Kg5 42. h4+ Qxh4 43. Qd5+ Kg4 44. Qf3+ Kg5 45. Nf7# 1-0

[Event "VIE-ch"]
[Site "Hanoi"]
[Date "2020.10.08"]
[Round "6"]
[White "Nguyen, Duc Viet"]
[Black "Le, Huu Thai"]
[Result "0-1"]
[WhiteElo "2121"]
[BlackElo "2237"]
[PlyCount "96"]
[EventDate "2020.10.05"]
[EventType "swiss"]
[EventRounds "9"]
[EventCountry "VIE"]
[SourceTitle "EXT 2022"]
[Source "ChessBase"]
[SourceDate "2021.10.06"]
[SourceVersion "1"]
[SourceVersionDate "2021.10.06"]
[SourceQuality "1"]

1. d4 Nf6 2. c4 e6 3. Nf3 d5 4. Nc3 c6 5. cxd5 exd5 6. Qc2 h6 7. Bf4 Nh5 8. Bd2 Bd6 9. e4 dxe4 10. Qxe4+ Qe7 11. Bc4 Nf6 12. Qxe7+ Bxe7 13. 0-0 0-0 14. Rfe1 Bd6 15. Ne5 Nbd7 16. Bb3 Nb6 17. Bf4 Nh5 18. Bd2 Nf6 19. h3 Bf5 20. g4 Bh7 21. Bf4 Rad8 22. Bg3 Bb8 23. Rad1 Nbd5 24. Nxd5 Nxd5 25. Kg2 g5 26. Nc4 Bxg3 27. Kxg3 Rd7 28. Ne5 Rc7 29. Bxd5 cxd5 30. Rd2 Rfc8 31. a3 b6 32. Nf3 Be4 33. Ng1 Rc1 34. Rxc1 Rxc1 35. Nf3 a5 36. h4 f6 37. hxg5 hxg5 38. Re2 b5 39. Ne1 Kf7 40. f3 Bg6 41. Kf2 b4 42. axb4 axb4 43. Rd2 Rb1 44. Ke2 Ke7 45. Nd3 b3 46. Ke3 Rh1 47. Re2 Rd1 48. Re1 Rxd3+ 0-1

[Event "VIE-chT"]
[Site "Ho Chi Minh City"]
[Date "2015.07.22"]
[Round "7.16"]
[White "Nguyen, Hoang Duc"]
[Black "Nguyen, Duc Viet"]
[Result "0-1"]
[WhiteElo "1899"]
[BlackElo "2121"]
[PlyCount "98"]
[EventDate "2015.07.16"]
[EventType "team-swiss"]
[EventRounds "9"]
[EventCountry "VIE"]
[SourceTitle "EXT 2016"]
[Source "ChessBase"]
[SourceDate "2015.10.08"]
[SourceVersion "1"]
[SourceVersionDate "2015.10.08"]
[SourceQuality "1"]

1. e4 e6 2. d4 d5 3. Nc3 Nf6 4. e5 Nfd7 5. f4 c5 6. Nf3 Nc6 7. Be3 a6 8. g3 Be7 9. Bh3 g6 10. 0-0 b5 11. Ne2 c4 12. g4 h5 13. f5 hxg4 14. fxe6 Rxh3 15. exf7+ Kxf7 16. Ng5+ Kg8 17. Nxh3 gxh3 18. Nf4 Nf8 19. Qf3 Qd7 20. Nxd5 Qg4+ 21. Qxg4 Bxg4 22. c3 Bf5 23. a4 b4 24. Rxf5 gxf5 25. Rf1 bxc3 26. bxc3 Rb8 27. Rxf5 Ng6 28. Bc1 Rb1 29. Rf1 Bd8 30. Kf2 Ra1 31. Rg1 Kf7 32. Ne3 Ngxe5 33. dxe5 Nxe5 34. Kg3 Bb6 35. Rf1+ Ke6 36. Ng4 Nxg4 37. Kxg4 Rxa4 38. Bg5 Kd5 39. Kxh3 Ra2 40. Kg3 Rc2 41. Rf5+ Kc6 42. Bf6 Bc7+ 43. Kf3 Rxh2 44. Ke4 Bb6 45. Bd4 Re2+ 46. Kf3 Re6 47. Rf6 Rxf6+ 48. Bxf6 Kb5 49. Ke2 Ka4 0-1

[Event "VIE-chT"]
[Site "Ho Chi Minh City"]
[Date "2015.07.21"]
[Round "6.13"]
[White "Nguyen, Duc Viet"]
[Black "Tran, Minh Thang"]
[Result "1/2-1/2"]
[WhiteElo "2121"]
[BlackElo "2235"]
[PlyCount "112"]
[EventDate "2015.07.16"]
[EventType "team-swiss"]
[EventRounds "9"]
[EventCountry "VIE"]
[SourceTitle "EXT 2016"]
[Source "ChessBase"]
[SourceDate "2015.10.08"]
[SourceVersion "1"]
[SourceVersionDate "2015.10.08"]
[SourceQuality "1"]

1. d4 Nf6 2. Nf3 g6 3. g3 Bg7 4. Bg2 0-0 5. 0-0 c5 6. c4 cxd4 7. Nxd4 Nc6 8. Nc3 Nxd4 9. Qxd4 d6 10. Qh4 Re8 11. Bh6 Bh8 12. Rac1 Qa5 13. Bd2 Bd7 14. Qg5 Qxg5 15. Bxg5 Rac8 16. b3 b6 17. Rfd1 Kf8 18. a4 Bg7 19. h3 Bc6 20. Bxc6 Rxc6 21. Bxf6 Bxf6 22. Nd5 Bg7 23. Rc2 Rec8 24. Kg2 Rc5 25. Ra2 Rb8 26. Rd3 Rb7 27. e4 e6 28. Ne3 Ke7 29. f4 a6 30. b4 Rcc7 31. Rad2 Rd7 32. Rd1 b5 33. cxb5 axb5 34. a5 Rbc7 35. Kf3 f5 36. exf5 gxf5 37. g4 fxg4+ 38. hxg4 d5 39. f5 Rc3 40. fxe6 Kxe6 41. a6 Rxd3 42. Rxd3 Rf7+ 43. Nf5 Be5 44. Ra3 Ra7 45. Ne3 d4 46. Nd1 Bd6 47. Ra5 Bxb4 48. Rxb5 Bd6 49. Ra5 Bc7 50. Rh5 Bd6 51. Ke4 Rxa6 52. Rh6+ Kf7 53. Rxh7+ Kg6 54. Rd7 Bh2 55. Rxd4 Re6+ 56. Kf3 Rd6 1/2-1/2

[Event "VIE-chT"]
[Site "Ho Chi Minh City"]
[Date "2015.07.17"]
[Round "2.9"]
[White "Nguyen, Anh Khoi"]
[Black "Nguyen, Duc Viet"]
[Result "1-0"]
[WhiteElo "2358"]
[BlackElo "2121"]
[PlyCount "69"]
[EventDate "2015.07.16"]
[EventType "team-swiss"]
[EventRounds "9"]
[EventCountry "VIE"]
[SourceTitle "EXT 2016"]
[Source "ChessBase"]
[SourceDate "2015.10.08"]
[SourceVersion "1"]
[SourceVersionDate "2015.10.08"]
[SourceQuality "1"]

1. d4 d5 2. c4 c6 3. Nf3 Nf6 4. e3 Bf5 5. Nc3 e6 6. Nh4 Bg6 7. Be2 Nbd7 8. 0-0 Bd6 9. g3 0-0 10. Nxg6 hxg6 11. Qb3 Rb8 12. Rd1 Qe7 13. Qc2 dxc4 14. Bxc4 e5 15. Qxg6 exd4 16. exd4 b5 17. Bb3 c5 18. Bh6 Ne8 19. Bg5 Ndf6 20. dxc5 Bxc5 21. Qf5 Bb6 22. Nd5 Qe4 23. Qxe4 Bxf2+ 24. Kg2 Nxe4 25. Be7 Bc5 26. Bc2 N4d6 27. b4 Bb6 28. Bxd6 Nxd6 29. Ne7+ Kh8 30. Rxd6 Rfe8 31. Re1 g6 32. Bb3 Kg7 33. Rd7 Red8 34. Rxd8 Rxd8 35. Nd5 1-0

[Event "VIE-ch U20"]
[Site "Ho Chi Minh City"]
[Date "2014.07.16"]
[Round "6"]
[White "Nguyen, Duc Viet"]
[Black "Pham, Hoai Nam"]
[Result "0-1"]
[WhiteElo "2121"]
[BlackElo "2064"]
[PlyCount "36"]
[EventDate "2014.07.13"]
[EventType "swiss"]
[EventRounds "9"]
[EventCountry "VIE"]
[SourceTitle "EXT 2016"]
[Source "ChessBase"]
[SourceDate "2015.10.08"]
[SourceVersion "1"]
[SourceVersionDate "2015.10.08"]
[SourceQuality "1"]

1. d4 Nf6 2. c4 g6 3. Nf3 Bg7 4. Nc3 d5 5. cxd5 Nxd5 6. e4 Nxc3 7. bxc3 c5 8. Be3 Nc6 9. Be2 cxd4 10. cxd4 Qa5+ 11. Qd2 Qxd2+ 12. Kxd2 0-0 13. Bb5 Rd8 14. Bxc6 bxc6 15. Rhc1 e5 16. Kc3 exd4+ 17. Bxd4 Rxd4 18. Nxd4 c5 0-1

[Event "VIE-ch U20"]
[Site "Ho Chi Minh City"]
[Date "2014.07.13"]
[Round "2"]
[White "Nguyen, Duc Viet"]
[Black "Bui, Thanh Tung"]
[Result "1-0"]
[WhiteElo "2121"]
[BlackElo "1968"]
[PlyCount "67"]
[EventDate "2014.07.13"]
[EventType "swiss"]
[EventRounds "9"]
[EventCountry "VIE"]
[SourceTitle "EXT 2016"]
[Source "ChessBase"]
[SourceDate "2015.10.08"]
[SourceVersion "1"]
[SourceVersionDate "2015.10.08"]
[SourceQuality "1"]

1. d4 d5 2. c4 e6 3. Nc3 Nf6 4. cxd5 exd5 5. Bg5 Be7 6. e3 0-0 7. Bd3 c6 8. Qc2 h6 9. Bf4 Nbd7 10. Nf3 Re8 11. 0-0 Nh5 12. Nxd5 Nxf4 13. Nxf4 Bd6 14. Ne2 Nf6 15. Bf5 Qa5 16. Bxc8 Raxc8 17. Qb3 c5 18. Rac1 b6 19. a3 Qa6 20. dxc5 Bxc5 21. Ned4 Ne4 22. Rc2 Qb7 23. Rfc1 Rcd8 24. Rxc5 Nxc5 25. Rxc5 Rc8 26. Rxc8 Rxc8 27. g3 Qe4 28. Qb5 Rc5 29. Qd7 g5 30. h3 h5 31. Kh2 g4 32. Ng5 Qg6 33. Qe8+ Kg7 34. Nde6+ 1-0

[Event "VIE-ch U20"]
[Site "Ho Chi Minh City"]
[Date "2014.07.13"]
[Round "1"]
[White "Vu, Quang Quyen"]
[Black "Nguyen, Duc Viet"]
[Result "0-1"]
[WhiteElo "1940"]
[BlackElo "2121"]
[PlyCount "102"]
[EventDate "2014.07.13"]
[EventType "swiss"]
[EventRounds "9"]
[EventCountry "VIE"]
[SourceTitle "EXT 2016"]
[Source "ChessBase"]
[SourceDate "2015.10.08"]
[SourceVersion "1"]
[SourceVersionDate "2015.10.08"]
[SourceQuality "1"]

1. e4 c6 2. d4 d5 3. e5 Bf5 4. Nf3 e6 5. Be2 Nd7 6. 0-0 Ne7 7. Be3 Bg6 8. Nh4 Nf5 9. Nxf5 Bxf5 10. Nd2 Qb6 11. Nb3 Bg6 12. h3 Be7 13. Rc1 0-0 14. Bg4 Rae8 15. f4 f5 16. Be2 Kh8 17. Kh2 Rg8 18. Qd2 Ref8 19. c4 Nb8 20. c5 Qc7 21. Rc2 Bd8 22. Qd1 h6 23. Bd3 Be8 24. g4 g6 25. Rg2 Rg7 26. Rfg1 Rfg8 27. Nd2 b6 28. b4 a5 29. cxb6 Qxb6 30. bxa5 Qxa5 31. Nb3 Qa7 32. Nc5 Bf7 33. Rc2 Nd7 34. Nb3 Qa4 35. Qe2 Be8 36. Ba6 Be7 37. Rb1 g5 38. fxg5 Bxg5 39. Bc8 fxg4 40. Bxd7 Bxd7 41. Nc5 Qxc2 42. Qxc2 Bxe3 43. Qd3 Bf4+ 44. Kh1 Be8 45. h4 Bg6 46. Qc3 Bxb1 47. a4 Rf7 48. a5 g3 49. Kg2 Bd2 50. Qb3 Rf2+ 51. Kg1 g2 0-1

[Event "VIE-chT"]
[Site "Ho Chi Minh City"]
[Date "2013.08.20"]
[Round "10"]
[White "Pham, Chuong"]
[Black "Nguyen, Duc Viet"]
[Result "1-0"]
[WhiteElo "2361"]
[BlackElo "2127"]
[PlyCount "57"]
[EventDate "2013.08.14"]
[EventType "team-swiss"]
[EventRounds "11"]
[EventCountry "VIE"]
[SourceTitle "CBM 156 Extra"]
[Source "ChessBase"]
[SourceDate "2013.10.22"]
[SourceVersion "1"]
[SourceVersionDate "2013.10.22"]
[SourceQuality "1"]

1. d4 d5 2. c4 c6 3. Nf3 Nf6 4. e3 Bf5 5. Bd3 Bxd3 6. Qxd3 e6 7. 0-0 Bd6 8. Nc3 0-0 9. e4 dxe4 10. Nxe4 Nxe4 11. Qxe4 Nd7 12. Bd2 Re8 13. Bc3 Be7 14. Rad1 Bf6 15. Rfe1 Qb6 16. g4 g6 17. Qf4 Bg7 18. g5 Rad8 19. h4 Qa6 20. Rc1 b5 21. d5 cxd5 22. Bxg7 Kxg7 23. cxd5 exd5 24. h5 Kg8 25. h6 Nf8 26. Qd4 f6 27. gxf6 Ne6 28. f7+ Kxf7 29. Ng5+ 1-0

[Event "VIE-chT"]
[Site "Ho Chi Minh City"]
[Date "2013.08.19"]
[Round "8"]
[White "Nguyen, Duc Viet"]
[Black "Chuc, Dinh Tan"]
[Result "1-0"]
[WhiteElo "2127"]
[BlackElo "1850"]
[PlyCount "105"]
[EventDate "2013.08.14"]
[EventType "team-swiss"]
[EventRounds "11"]
[EventCountry "VIE"]
[SourceTitle "CBM 156 Extra"]
[Source "ChessBase"]
[SourceDate "2013.10.22"]
[SourceVersion "1"]
[SourceVersionDate "2013.10.22"]
[SourceQuality "1"]

1. d4 Nf6 2. Nf3 e6 3. c4 b6 4. g3 Bb7 5. Bg2 Be7 6. 0-0 0-0 7. Nc3 d5 8. cxd5 exd5 9. Qc2 Nbd7 10. Rd1 Re8 11. Bf4 Nh5 12. Be3 a6 13. Rac1 Bd6 14. Nh4 c6 15. Nf5 Nf8 16. Bf3 Nf6 17. Nxd6 Qxd6 18. Na4 Qd8 19. Qb3 N6d7 20. Qa3 Ne6 21. b3 Qe7 22. Qxe7 Rxe7 23. Nb2 Rae8 24. Nd3 Rc8 25. Kg2 Rd8 26. Rd2 f6 27. Rdc2 Kf7 28. h4 Nb8 29. b4 Nd7 30. a4 b5 31. a5 Ndf8 32. Kf1 Rc7 33. Ke1 Re7 34. Kd2 Ree8 35. Bg4 Re7 36. f4 g6 37. Bf2 h5 38. Bh3 Nc7 39. Nc5 Ba8 40. f5 Rde8 41. e3 g5 42. hxg5 fxg5 43. g4 h4 44. Bg1 Nd7 45. Nd3 Rc8 46. Bh2 Kf6 47. Rxc6+ Bxc6 48. Rxc6+ Kf7 49. Rxc7 Rxc7 50. Bxc7 Nf6 51. Be5 Ne4+ 52. Ke1 Re8 53. Bg2 1-0

[Event "VIE-chT"]
[Site "Ho Chi Minh City"]
[Date "2013.08.19"]
[Round "9"]
[White "Tu, Hoang Thai"]
[Black "Nguyen, Duc Viet"]
[Result "1/2-1/2"]
[WhiteElo "2263"]
[BlackElo "2127"]
[PlyCount "159"]
[EventDate "2013.08.14"]
[EventType "team-swiss"]
[EventRounds "11"]
[EventCountry "VIE"]
[SourceTitle "CBM 156 Extra"]
[Source "ChessBase"]
[SourceDate "2013.10.22"]
[SourceVersion "1"]
[SourceVersionDate "2013.10.22"]
[SourceQuality "1"]

1. d4 d5 2. Nf3 Nf6 3. c4 c6 4. Qc2 dxc4 5. Qxc4 Bf5 6. Nc3 e6 7. g3 h6 8. Bg2 Nbd7 9. 0-0 Be7 10. a4 a5 11. Qb3 Qb6 12. Qxb6 Nxb6 13. Ne5 Bb4 14. f3 Bc2 15. e4 Nfd7 16. Nxd7 Nxd7 17. Rf2 Bb3 18. Bf1 0-0 19. Be3 Rfd8 20. Bd3 Ne5 21. Be2 Nc4 22. Bxc4 Bxc4 23. Na2 Be7 24. Nc1 Bf6 25. e5 Be7 26. Rc2 Ba6 27. Nb3 Rd5 28. Rac1 Bd3 29. Rc3 Bg6 30. Nc5 b5 31. b3 Kh7 32. Kf2 Rb8 33. Na6 Rb7 34. Rxc6 bxa4 35. bxa4 Rb2+ 36. Kg1 Ra2 37. Nc7 Rd7 38. Na8 Rb7 39. Rb6 Rxb6 40. Nxb6 Ra3 41. Kf2 Bd8 42. Nd7 Ra2+ 43. Kg1 Bc2 44. Nc5 Kg6 45. Bf2 Bg5 46. f4 Be7 47. g4 Kh7 48. Be1 Bd8 49. Bc3 Bxa4 50. Nxa4 Rxa4 51. Rc2 Bb6 52. Kf2 Bxd4+ 53. Bxd4 Rxd4 54. Ke3 Rd7 55. Ra2 Ra7 56. Ra4 h5 57. h3 Kg6 58. Ke4 Ra6 59. Ke3 h4 60. Ke4 Ra7 61. Kf3 f6 62. Ke4 Kf7 63. f5 Ke7 64. Kf4 exf5 65. Kxf5 fxe5 66. Kxe5 Ra6 67. Kf5 Kd6 68. Kg6 Ra7 69. g5 Kc6 70. Rxh4 a4 71. Rc4+ Kb5 72. Rc1 Kb4 73. h4 Kb3 74. Ra1 a3 75. h5 a2 76. h6 gxh6 77. gxh6 Kb2 78. Rxa2+ Kxa2 79. h7 Rxh7 80. Kxh7 1/2-1/2

[Event "VIE-chT"]
[Site "Ho Chi Minh City"]
[Date "2013.08.17"]
[Round "5"]
[White "Nguyen, Duc Viet"]
[Black "Vu, Quang Quyen"]
[Result "1-0"]
[WhiteElo "2127"]
[BlackElo "1943"]
[PlyCount "89"]
[EventDate "2013.08.14"]
[EventType "team-swiss"]
[EventRounds "11"]
[EventCountry "VIE"]
[SourceTitle "CBM 156 Extra"]
[Source "ChessBase"]
[SourceDate "2013.10.22"]
[SourceVersion "1"]
[SourceVersionDate "2013.10.22"]
[SourceQuality "1"]

1. d4 f5 2. g3 g6 3. Bg2 Bg7 4. Nh3 Nc6 5. d5 Ne5 6. 0-0 Nf6 7. Nf4 0-0 8. Nd2 Nf7 9. e4 e5 10. dxe6 dxe6 11. Qe2 c6 12. Nd3 Bd7 13. Rb1 Qc7 14. f4 Rad8 15. Kh1 Rfe8 16. e5 Ng4 17. h3 Ngh6 18. b4 b6 19. a4 Bc8 20. Qf3 Bb7 21. b5 Rc8 22. Nb4 Nd8 23. Qe2 Bf8 24. c4 Bxb4 25. Rxb4 c5 26. Rb3 Bxg2+ 27. Kxg2 Nb7 28. Rd3 Rcd8 29. Rff3 Na5 30. Bb2 Nf7 31. Bc3 Nb7 32. Nb3 Kf8 33. Qd2 Rxd3 34. Rxd3 Rd8 35. Kf2 Ke7 36. Ke2 Rxd3 37. Qxd3 Nbd8 38. Qf3 Qb7 39. a5 Qxf3+ 40. Kxf3 Kd7 41. g4 Nb7 42. Be1 Nh6 43. a6 Nd8 44. Bh4 Ndf7 45. Nxc5+ 1-0

[Event "VIE-ch U20"]
[Site "Da Lat"]
[Date "2013.07.??"]
[Round "6"]
[White "Nguyen, Duc Viet"]
[Black "Bui, Manh Hung"]
[Result "1-0"]
[WhiteElo "2127"]
[BlackElo "1793"]
[PlyCount "105"]
[EventDate "2013.07.13"]
[EventType "swiss"]
[EventRounds "9"]
[EventCountry "VIE"]
[SourceTitle "EXT 2014"]
[Source "ChessBase"]
[SourceDate "2013.11.20"]
[SourceVersion "1"]
[SourceVersionDate "2013.11.20"]
[SourceQuality "1"]

1. d4 d5 2. c4 e6 3. Nc3 Nf6 4. cxd5 exd5 5. Bg5 Be7 6. e3 0-0 7. Bd3 h6 8. Bf4 c6 9. h3 Bd6 10. Nge2 Re8 11. 0-0 Bxf4 12. Nxf4 Qd6 13. Rc1 Nbd7 14. Bb1 Ne4 15. Bxe4 dxe4 16. Qb3 a6 17. Rfd1 Rb8 18. Na4 Nf6 19. Nb6 g5 20. Nxc8 Rexc8 21. Ne2 b6 22. Ng3 Qd7 23. Rc4 Rc7 24. Qc2 Qd5 25. Rc1 Rbc8 26. b4 h5 27. a4 h4 28. Ne2 Nd7 29. a5 bxa5 30. bxa5 Kg7 31. Qa4 f5 32. R4c2 c5 33. Qa3 c4 34. Qa4 Nf6 35. Rb1 Qc6 36. Nc3 Qxa4 37. Nxa4 Nd7 38. Rb4 Kf7 39. Kf1 Ke6 40. Ke2 Kd6 41. Kd2 Rb8 42. Rxb8 Nxb8 43. Nb6 c3+ 44. Rxc3 Rxc3 45. Kxc3 Nc6 46. Na4 g4 47. Nc5 Kd5 48. Nxa6 f4 49. exf4 g3 50. fxg3 Nxd4 51. Nc7+ Kc5 52. a6 Nc6 53. gxh4 1-0

[Event "VIE-ch U20"]
[Site "Da Lat"]
[Date "2013.07.??"]
[Round "2"]
[White "Nguyen, Duc Viet"]
[Black "Pham, Hoai Nam"]
[Result "1-0"]
[WhiteElo "2127"]
[BlackElo "2082"]
[PlyCount "89"]
[EventDate "2013.07.13"]
[EventType "swiss"]
[EventRounds "9"]
[EventCountry "VIE"]
[SourceTitle "EXT 2014"]
[Source "ChessBase"]
[SourceDate "2013.11.20"]
[SourceVersion "1"]
[SourceVersionDate "2013.11.20"]
[SourceQuality "1"]

1. d4 Nf6 2. Nf3 g6 3. g3 Bg7 4. Bg2 0-0 5. 0-0 d5 6. c4 dxc4 7. Na3 c3 8. bxc3 c5 9. e3 Nc6 10. Qe2 Qa5 11. Bb2 Rd8 12. Rfc1 Rb8 13. Nd2 Bg4 14. Qf1 Qc7 15. Nb3 b6 16. c4 Ne8 17. Bc3 cxd4 18. Nb5 Qd7 19. N5xd4 Nxd4 20. exd4 h5 21. c5 Qa4 22. c6 Nc7 23. d5 Bxc3 24. Rxc3 e6 25. h3 Bf5 26. Rd1 exd5 27. Nd4 Bc8 28. Qd3 Ba6 29. Qd2 Re8 30. Rdc1 Re7 31. g4 h4 32. Re3 Rxe3 33. Qxe3 Re8 34. Qf4 Qa3 35. Rd1 Qe7 36. Nf3 Bc4 37. Re1 Ne6 38. Qh6 Rc8 39. Nd4 Qf6 40. Nxe6 fxe6 41. g5 Qf5 42. Re3 Qf7 43. Qxh4 Rxc6 44. a3 Qg7 45. Qf4 1-0

[Event "VIE-ch U20"]
[Site "Da Lat"]
[Date "2013.07.??"]
[Round "8"]
[White "Nguyen, Duc Viet"]
[Black "Vu, Phi Hung"]
[Result "1/2-1/2"]
[WhiteElo "2127"]
[BlackElo "2093"]
[PlyCount "74"]
[EventDate "2013.07.13"]
[EventType "swiss"]
[EventRounds "9"]
[EventCountry "VIE"]
[SourceTitle "EXT 2014"]
[Source "ChessBase"]
[SourceDate "2013.11.20"]
[SourceVersion "1"]
[SourceVersionDate "2013.11.20"]
[SourceQuality "1"]

1. d4 d5 2. c4 e6 3. Nc3 Nf6 4. cxd5 exd5 5. Bg5 Be7 6. e3 c6 7. Bd3 0-0 8. Qc2 Nbd7 9. Nf3 Re8 10. h3 h6 11. Bf4 Nf8 12. 0-0 Bd6 13. Be5 Ne6 14. Rfd1 Ng5 15. Bxd6 Nxf3+ 16. gxf3 Qxd6 17. Bf5 Bxf5 18. Qxf5 g6 19. Qd3 Rad8 20. Kg2 Nh7 21. Ne2 Ng5 22. Rab1 Qf6 23. Ng1 Ne6 24. b4 a6 25. a4 Qg5+ 26. Kf1 Kh7 27. Rdc1 Nc7 28. Ne2 Qf6 29. Kg2 Qg5+ 30. Kf1 Qf6 31. Ng1 Kg7 32. Kg2 Qg5+ 33. Kh2 Qh4 34. Rc2 Rd6 35. Kg2 Qg5+ 36. Kf1 Qf6 37. Kg2 Qg5+ 1/2-1/2